000 01033nam a2200241 i 4500
001 bg
245 0 0 _aOgniska konfliktów: Bałkany, Kaukaz /
_cpraca pod red. Bogdana Klicha.
260 _aKraków :
_bInstytut Studiów Strategicznych,
_c2000.
300 _a127 s. ;
_c21 cm.
490 1 _aZeszyty / Fundacja "Międzynarodowe Centrum Rozwoju Demokracji" ;
_vz. 44
500 _aMateriały z seminarium pt.: Bałkany: implikacje konfliktu u progu XXI wieku, które odbyło się 25 maja 2000 oraz seminarium pt.: Kaukaz 2000, które odbyło się 9 listopada 2000 r. w Krakowie.
650 9 _aBezpieczeństwo międzynarodowe
_zEuropa
_yod 1991 r.
651 9 _aBałkańskie, kraje
_xpolityka
_yod 1991 r.
651 9 _aKaukaz
_xpolityka
_yod 1991 r.
830 0 _aZeszyty (Fundacja "Międzynarodowe Centrum Rozwoju Demokracji") ;
_vz. 44
020 _a8387832243
040 _cBPK
041 0 _apl
080 _a327.5(4:497+479)"1991/..."
920 _a83-87832-24-3
942 _cKS
008 s pl f |000 0 pol
999 _c39185
_d39185
856 _uhttp://koha.tu.koszalin.pl/cgi-bin/koha/opac-detail.pl?biblionumber=39185
_yKatalog online BPK